| 000 | 00892nam a22003017a 4500 | ||
|---|---|---|---|
| 001 | 0074 | ||
| 003 | DO-SdBNP | ||
| 005 | 20180322130206.0 | ||
| 007 | 0074 | ||
| 008 | 151102b dr 2006 xxu||||| |||| 00| 0 spa d | ||
| 020 | _a9993410365 | ||
| 040 |
_aBPMSU _bspa _cBPMSU |
||
| 082 | 4 |
_a928. 61 _bL951C, 2006 |
|
| 100 | 1 | 0 | _aCassá, Roberto |
| 245 |
_aAmérico Lugo : _bel antimperialista / _cRoberto Cassá |
||
| 250 | _a2a ed. | ||
| 260 |
_aSanto Domingo : _bTobogan, _c2006 |
||
| 300 |
_a55 p. _bil., _c21 cm. |
||
| 490 | _aBiografías dominicanas tobogan | ||
| 600 |
_aLUGO, AMÉRICO _d1870-1952 |
||
| 650 |
_aHISTORIADORES _zREPÚBLICA DOMINICANA |
||
| 651 |
_aREPÚBLICA DOMINICANA _xBIOGRAFÍAS |
||
| 830 | 0 | 0 | _aBiografías dominicanas tobogan |
| 942 |
_2ddc _cBK |
||
| 945 | _aInventariado / 2018 VM | ||
| 956 | _aBrenda Tavárez | ||
| 956 | _aValidado. Control de calidad MFF | ||
| 999 |
_c8502 _d8502 |
||